000 00640nam a2200265Ia 4500
003 OSt
005 20221007105938.0
006 a|||||r|||| 00| 0
007 ta
008 221006b |||||||| |||| 00| 0 eng d
024 _a19,948
037 _cTextual
040 _aLCO
_cLCO
_beng
041 _2eng
_aeng
082 _aZ2,181, L2
100 _aGore
_9225661
245 0 _aCompanies
250 _a42nd
260 _aLondon
_bJordon & Sons UK
_c1972
300 _a1232
650 _aCOMPANIES
_9437507
700 _a Browne
_971045
942 _hZ2,181, L2
_cTEXL
999 _c1189511
_d1189511